Central Library OPAC University of Rajshahi

General chemistry : (Record no. 9626)

MARC details
000 -LEADER
fixed length control field 00822pam a2200277 i 4500
001 - CONTROL NUMBER
control field 9626
003 - CONTROL NUMBER IDENTIFIER
rucl marc code BD-RjUL
005 - DATE AND TIME OF LATEST TRANSACTION
control field 20211208234817.0
008 - FIXED-LENGTH DATA ELEMENTS--GENERAL INFORMATION
fixed length control field 140121s1975 nyua 001 0 eng
020 ## - INTERNATIONAL STANDARD BOOK NUMBER
International Standard Book Number 0471095303
035 ## - SYSTEM CONTROL NUMBER
System control number (BD-RjUL)9671
040 ## - CATALOGING SOURCE
Original cataloging agency DLC
Transcribing agency DLC
Modifying agency DLC
-- BD-RjUL
Language of cataloging eng
041 ## - LANGUAGE CODE
Language code of text/sound track or separate title eng
082 00 - DEWEY DECIMAL CLASSIFICATION NUMBER
Classification number 540
Author mark and year BRG 1975
100 1# - MAIN ENTRY--PERSONAL NAME
Personal name Brady, James E.,
Dates associated with a name 1938-
9 (RLIN) 29803
245 10 - TITLE STATEMENT
Title General chemistry :
Remainder of title principles and structure /
Statement of responsibility, etc. James E. Brady, Gerard E. Humiston.
260 ## - PUBLICATION, DISTRIBUTION, ETC. (IMPRINT)
Place of publication, distribution, etc. New York :
Name of publisher, distributor, etc. Wiley,
Date of publication, distribution, etc. c1975
300 ## - PHYSICAL DESCRIPTION
Pagination x, 733 p. :
Illustrations col. illus. ;
Size 24 cm.
500 ## - GENERAL NOTE
General note Stereoscopic viewer in pocket.
General note Includes index.
650 #0 - SUBJECT ADDED ENTRY--TOPICAL TERM
Topical term or geographic name as entry element Chemistry.
9 (RLIN) 29804
700 1# - ADDED ENTRY--PERSONAL NAME
Personal name Humiston, Gerard E.,
Dates associated with a name 1939-
Relator term joint author.
942 ## - ADDED ENTRY ELEMENTS (KOHA)
Source of classification or shelving scheme Dewey Decimal Classification
Koha item type Books
Holdings
Lost status Source of classification or shelving scheme Damaged status Not for loan Collection code Permanent Location Current Location Shelving location Date acquired Source of acquisition Cost, normal purchase price Total Checkouts Full call number Date last seen Copy number Koha item type
  Dewey Decimal Classification   Not For Loan Non-fiction Central Library, University of Rajshahi Central Library, University of Rajshahi Reading Room 23/10/1990 Canada 0.00   540 BRG 1975 21/01/2014 C-1 Books
  Dewey Decimal Classification     Non-fiction Central Library, University of Rajshahi Central Library, University of Rajshahi   18/10/1990 Canada     540 BRG 1986 23/03/2017 C-2 Books